|
|
|
|
| LEADER |
00869nam a2200241 a 4500 |
| 001 |
3381879 |
| 008 |
100125s1989 nyu b 001 0 eng d |
| 010 |
|
|
|a 88006696
|
| 020 |
|
|
|a 0394375343
|
| 040 |
|
|
|a DLC
|c DLC
|d DLC
|d DB-DhAAL
|
| 082 |
0 |
0 |
|a 301/.09
|2 19
|
| 100 |
1 |
|
|a Collins, Randall,
|d 1941-
|
| 245 |
1 |
4 |
|a The discovery of society /
|c Randall Collins and Michael Makowsky.
|
| 250 |
|
|
|a 4th ed.
|
| 260 |
|
|
|a New York :
|b Random House,
|c c1989.
|
| 300 |
|
|
|a viii, 302 p. ;
|c 24 cm.
|
| 504 |
|
|
|a Includes bibliography: (p. 278-287) and index.
|
| 541 |
1 |
|
|e 00009639
|
| 650 |
|
0 |
|a Sociology
|x History.
|
| 700 |
1 |
|
|a Makowsky, Michael.
|
| 852 |
4 |
|
|a Ayesha Abed Library
|j General Shelf.
|
| 999 |
|
|
|c 7171
|d 7171
|
| 952 |
|
|
|0 0
|1 0
|2 ddc
|4 0
|6 301_090000000000000_COL_1989
|7 0
|9 7458
|a BRACUL
|b BRACUL
|c GEN
|d 2010-01-25
|l 1
|o 301.09 COL
|p 3010009639
|r 2013-01-20
|s 2012-11-01
|t 1
|w 2010-01-25
|y BK
|